01498nam a2200229 a 450000100100000000500170001000800410002704000250006808200160009310000450010924500510015426000480020530000110025350400320026495201990029695201290049595201290062495201150075395201890086895201940105799900170125100002727420240322181140.0110331s1971 dr 000 0 spa d aDO-SdBNPbspacBNPHU axxxxbN789c1 aNolasco, Flérida de,d1891-197693515110aClamor de justicia en la Española 1502-1795. aSanto Domingo :bEditora del Caribe,c1971. a234 p. aBibliografía : p. 231-234 001052708DSaGRbGRcHDd2011-06-22iLF1l0oxxxx N789cp27274-30r2020-06-25te. 3w2020-06-25yLFDSzPerteneció a la biblioteca personal de Carlos Larrazábal Blanco.ZPréstamo interno 001052708DSaGRbGRcHDd2013-06-21iLF1l0oxxxx N789cp27274-40r2020-06-25te. 4w2020-06-25yLFDSZPréstamo interno 001052708DSaGRbGRcHDd2013-06-21iLF1l0oxxxx N789cp27274-50r2020-06-25te. 5w2020-06-25yLFDSZPréstamo interno 00107-18PDaGRbGRcOId2013-07-26iLF1l0oxxxx N789cp27274-60r2020-06-25w2020-06-25yLFPDZNo se presta 0010718PDaPDbPDcHDd2011-03-31iLF1l0oxxxx N789cp27274-10r2020-06-25w2020-06-25yLFPDzPerteneció a la biblioteca personal de Germán Emilio Ornes. DedicadoZNo se presta 0010718PDaPDbPDcHDd2011-04-06iLF1l0oxxxx N789cp27274-20r2020-06-25te. 2w2020-06-25yLFPDzPerteneció a la biblioteca personal de Germán Emilio Ornes. DedicadoZNo se presta c26766d26766